Образование наплывов на торцах полых толстостенных цилиндров с отверстиями малого диаметра, обрабатываемыми дорнованием с большими натягами; Современные техника и технологии; Т. 1

التفاصيل البيبلوغرافية
Parent link:Современные техника и технологии: 14 Международная научно-практическая конференция студентов, аспирантов и молодых ученых, г. Томск, 24-28 марта 2008 г./ Томский политехнический университет (ТПУ).— , 2008
Т. 1.— 2008.— С. 304-306
المؤلف الرئيسي: Охотин И. С.
مؤلفون آخرون: Скворцов В. Ф. (научный руководитель)
اللغة:الروسية
منشور في: 2008
الموضوعات:
التنسيق: فصل الكتاب
KOHA link:https://koha.lib.tpu.ru/cgi-bin/koha/opac-detail.pl?biblionumber=148955

MARC

LEADER 00000naa2a2200000 4500
001 148955
005 20231031145650.0
035 |a (RuTPU)RU\TPU\book\161487 
090 |a 148955 
100 |a 20081210d2008 k y0rusy50 ca 
101 0 |a rus 
102 |a RU 
200 1 |a Образование наплывов на торцах полых толстостенных цилиндров с отверстиями малого диаметра, обрабатываемыми дорнованием с большими натягами  |f И. С. Охотин  |g науч. рук. В. Ф. Скворцов 
320 |a Библиогр.: 4 назв. 
461 1 |0 (RuTPU)RU\TPU\book\156858  |t Современные техника и технологии  |o 14 Международная научно-практическая конференция студентов, аспирантов и молодых ученых, г. Томск, 24-28 марта 2008 г.  |o труды  |o в 3 т.  |f Томский политехнический университет (ТПУ)  |d 2008 
463 0 |0 (RuTPU)RU\TPU\book\155176  |t Т. 1  |v С. 304-306  |d 2008  |p 538 с. 
610 1 |a дорнование 
610 1 |a наплывы 
610 1 |a цилиндры 
610 1 |a отверстия 
610 1 |a труды учёных ТПУ 
700 1 |a Охотин  |b И. С. 
702 1 |a Скворцов  |b В. Ф.  |4 727 
801 1 |a RU  |b 63413507  |c 20081210  |g PSBO 
801 2 |a RU  |b 63413507  |c 20141106  |g RCR 
942 |c BK